<?xml version="1.0" encoding="UTF-8"?>
<record
    xmlns:xsi="http://www.w3.org/2001/XMLSchema-instance"
    xsi:schemaLocation="http://www.loc.gov/MARC21/slim http://www.loc.gov/standards/marcxml/schema/MARC21slim.xsd"
    xmlns="http://www.loc.gov/MARC21/slim">

  <leader>00507nam a2200157Ia 4500</leader>
  <controlfield tag="008">230718s9999    xx            000 0 und d</controlfield>
  <datafield tag="041" ind1=" " ind2=" ">
    <subfield code="a">eng</subfield>
  </datafield>
  <datafield tag="082" ind1=" " ind2=" ">
    <subfield code="a">005.678</subfield>
    <subfield code="b">KUM</subfield>
  </datafield>
  <datafield tag="100" ind1=" " ind2=" ">
    <subfield code="a">Kummel B.</subfield>
    <subfield code="9">175374</subfield>
  </datafield>
  <datafield tag="245" ind1=" " ind2=" ">
    <subfield code="a">Apache My FAces 1.2 Web Application Development:</subfield>
    <subfield code="b">Building Next-Generation Web Applications With JSF And Facelets</subfield>
  </datafield>
  <datafield tag="260" ind1=" " ind2=" ">
    <subfield code="c">2010</subfield>
    <subfield code="b">Packt Publishing</subfield>
  </datafield>
  <datafield tag="300" ind1=" " ind2=" ">
    <subfield code="a">387</subfield>
  </datafield>
  <datafield tag="365" ind1=" " ind2=" ">
    <subfield code="c">Rs.</subfield>
    <subfield code="b">500.00</subfield>
  </datafield>
  <datafield tag="700" ind1=" " ind2=" ">
    <subfield code="a">Kummel B.</subfield>
    <subfield code="9">175374</subfield>
  </datafield>
  <datafield tag="906" ind1=" " ind2=" ">
    <subfield code="d">O:0143628-Dec-2010B:620712-Nov-2010</subfield>
    <subfield code="c">COMP</subfield>
    <subfield code="b">125</subfield>
  </datafield>
  <datafield tag="999" ind1=" " ind2=" ">
    <subfield code="c">326777</subfield>
    <subfield code="d">326777</subfield>
  </datafield>
  <datafield tag="952" ind1=" " ind2=" ">
    <subfield code="0">0</subfield>
    <subfield code="1">0</subfield>
    <subfield code="4">0</subfield>
    <subfield code="7">0</subfield>
    <subfield code="a">CCEP</subfield>
    <subfield code="b">CCEP</subfield>
    <subfield code="d">2010-12-28</subfield>
    <subfield code="e">Tbs</subfield>
    <subfield code="f">COMP</subfield>
    <subfield code="g">375.00</subfield>
    <subfield code="i">6207</subfield>
    <subfield code="l">0</subfield>
    <subfield code="o">005.678</subfield>
    <subfield code="p">CCEP-BK-37984</subfield>
    <subfield code="r">2023-07-18 00:00:00</subfield>
    <subfield code="t">125</subfield>
    <subfield code="v">500.00</subfield>
    <subfield code="w">2010-11-12</subfield>
    <subfield code="y">BK</subfield>
    <subfield code="z">037984</subfield>
  </datafield>
</record>
